000 01944nam a2200553 a 4500
001 vtls000013498
003 NLI
005 20210601181532.0
008 101125s1954 nyu 001 0 eng
020 _c$ 19.00 (v.1)
020 _c$ 19.00 (v.2)
020 _c$ 19.00 (v.3)
039 9 _y201011250106
_zVLOAD
040 0 _aNLI
_beng
_cVERGIS-2003
041 0 _aeng
044 _anyu
082 0 4 _a627.8
100 1 _aCreager, William Pitcher6d1878-
_951780
245 1 0 _aEngineering for dams/
_cWilliam P. Creager, Joel D. Justin and Julian Hinds
260 _aNew York:
_bJohn Wiley,
_cc1954
300 _a3 v.;
_c23 cm.
500 _aIncludes index
500 _aLibrary has V.1-3
505 0 _aVol. 1. General design -v. 2. Concrete dams -v. 3. Earth rock fill steel and timber dams
650 0 _aHydraulic engineering
_9603
650 0 _aConcrete dams
_951781
650 0 _aDams
_xDesign and construction
_951782
650 0 _aWater
_xstorage
_951783
650 0 _aDams, Iron and steel
_951784
650 0 _aConcrete construction
700 1 _aJustin, Joel D.
_936022
700 1 _aHinds, Julian
_951785
887 _aS. Vijayalakshmi
901 _aWL280
_b25/7/55 v.1
901 _aWL281
_b25/7/55 v.2
901 _aWL282
_b25/7/55 v.3
902 _aE 627.8 C 86 (1)
903 _a02/03/2004
904 _aS. Vijayalakshmi
906 _a012413
906 _a012414
906 _a012415
949 _AVIRTUAITEM
_D10000
_F1
_X100
_6WLX000000280ENG
_9v.1
_aE 627.8 C86(1)v1
_m1
942 _2ddc
_cBKS
949 _AVIRTUAITEM
_D10000
_F1
_X100
_6WLX000000281ENG
_9v.2
_aE 627.8 C86(1)v2
_m1
949 _AVIRTUAITEM
_D10000
_F1
_X100
_6WLX000000282ENG
_9v.3
_aE 627.8 C86(1)v3
_m1
999 _aVIRTUA
_c19048
_d19048
999 _aVTLSSORT0080*0200*0201*0202*0400*0410*0440*0820*1000*2450*2600*3000*5000*5001*5050*6500*6501*6502*6503*6504*6505*7000*7001*8520*9010*9011*9012*9020*9030*9040*9060*9061*9062*9490*9491*9492*9991